Spracovanie šifier zo seriálov, videí a hier

Saved in:
Bibliographic Details
Main Author: Blažek, Michal (Author)
Other Authors: Antal, Eugen (Thesis advisor)
Format: Manuscript Book
Language:Slovak
Published: Bratislava : STU v Bratislave FEI, 2025
Subjects:
Online Access:https://opac.crzp.sk/?fn=detailBiblioFormChildSGJ5G&sid=976842DB397D7CF04CBEC62D89DF&seo=CRZP-detail-kniha
Tags: Add Tag
No Tags, Be the first to tag this record!

MARC

LEADER 00000ntm a22000003a 4500
001 stuzp96655
003 SK-STU
005 20251105111056.9
007 ta
008 150427s2015----xo-----f-mn---000-0-slo-d
040 |a STU  |b slo 
041 0 |a slo 
044 |a xo 
100 1 |a Blažek, Michal  |u 035000  |4 aut  |U FEI Fakulta elektrotechniky a informatiky  |T FEI Ústav informatiky a matematiky  |X 111183  |U E050  |Y 816  |7 111183 
242 0 1 |a Processing cryptograms from TV shows, videos, and games  |y eng 
245 1 0 |a Spracovanie šifier zo seriálov, videí a hier 
260 |a Bratislava :  |b STU v Bratislave FEI,  |c 2025 
300 |a 65 s. 
650 4 |a steganografia  |2 slo 
650 4 |a HCPortal  |2 slo 
650 4 |a aplikácia  |2 slo 
650 4 |a klasické šifry  |2 slo 
650 4 |a šifrovanie  |2 slo 
650 4 |a classical ciphers  |2 eng 
650 4 |a encryption  |2 eng 
650 4 |a steganography  |2 eng 
650 4 |a HCPortal  |2 eng 
650 4 |a application  |2 eng 
700 1 |a Antal, Eugen  |u 035000  |k Z1  |4 ths  |U FEI Fakulta elektrotechniky a informatiky  |T FEI Ústav informatiky a matematiky  |X 36087  |U E050  |Y 816  |7 A000036087 
856 4 |u https://opac.crzp.sk/?fn=detailBiblioFormChildSGJ5G&sid=976842DB397D7CF04CBEC62D89DF&seo=CRZP-detail-kniha